| 000 | 01728cam a22002294a 4500 | ||
|---|---|---|---|
| 005 | 20250605164330.0 | ||
| 008 | 250528s ||||||||||||||||||||||||d | ||
| 035 | _a23213 | ||
| 020 | _a9780826115454 | ||
| 040 |
_aGR-AtMCL _bgre _dGR-AtMCL _eAACR2 |
||
| 245 | 1 | _aThe Handbook of Health Behavior Change | |
| 250 | _a3rd | ||
| 260 |
_bSpringer Publishing Company, _c2009 |
||
| 300 | _a834 | ||
| 520 | _aThis handbook sets a standard for conceptually based, empirically validated health behavior change interventions for the prevention and treatment of major diseases. Preface, Theories of Prevention, Culture and Health - Realed Behavior, The Transtheoritical Model of Behavior Change, Relapse Prevention and the Maintenance of Optimal Health, Motivational Interviewing, Interventions for Lifestyle Change, Promoting Dietary Change, Adoption and Maintenance of Safer Sexual Practices, Multiple Risk Behavior Change: What Most Individuals Need, Measurement, The Measurement of Physical Activity, Changes in Substance Use Behavior, Obstacles and Predictors of Lifestyle Change and Adherence, Predictors of Patient Adherence: Patient Characteristics, Adolesent Tobacco Use and the Social Context, Psychological Barriers to Adherence and Lifestyle Change, Lifestyle Change and Adherence Issues within Specific Populations, Lifestyle Interventions for the Young, Health Disparities and Minority Health, Lifestyle Change and Adherence Issues Among Patients with Chronic Diseases, Adherence and HIV: A Lifetime Commitment, Lifestyle Change and Adherence, Index. | ||
| 700 | 1 |
_aOckene Judith K _98793 |
|
| 700 | 1 |
_aRiekert Kristin A _98794 |
|
| 700 | 1 |
_aShumaker Sally A _98795 |
|
| 942 | _cBK | ||
| 999 |
_c8242 _d8242 |
||